000 00314nam a22001337a 4500
008 181207b xxu||||| |||| 00| 0 eng d
020 _a9780312180065
041 _aeng
080 _22nd
_a371
100 _a46
101 _aEDU
245 _aA Pocket Guide to Writing in History
_cRampolla,M.L
942 _2udc
_cBK
999 _c53063
_d53063